Detalles MARC
| 000 -CABECERA |
| campo de control de longitud fija |
01653nam a2200313 i 4500 |
| 001 - NÚMERO DE CONTROL |
| campo de control |
000010968 |
| 003 - IDENTIFICADOR DEL NÚMERO DE CONTROL |
| campo de control |
DO-SdBNP |
| 005 - FECHA Y HORA DE LA ÚLTIMA TRANSACCIÓN |
| campo de control |
20251002110338.0 |
| 007 - CAMPO FIJO DE DESCRIPCIÓN FÍSICA--INFORMACIÓN GENERAL |
| campo de control de longitud fija |
ta |
| 008 - DATOS DE LONGITUD FIJA--INFORMACIÓN GENERAL |
| campo de control de longitud fija |
091013s2009 dr r 001 0 spa d |
| 020 ## - NÚMERO INTERNACIONAL ESTÁNDAR DEL LIBRO |
| Número Internacional Estándar del Libro |
9789945163056 |
| 040 ## - FUENTE DE LA CATALOGACIÓN |
| Centro catalogador/agencia de origen |
DO-SdBNP |
| Lengua de catalogación |
spa |
| Centro/agencia transcriptor |
BNPHU |
| Normas de descripción |
rda |
| 041 ## - CÓDIGO DE LENGUA |
| Código de lengua del texto/banda sonora o título independiente |
spa |
| 082 #4 - NÚMERO DE LA CLASIFICACIÓN DECIMAL DEWEY |
| Número de clasificación |
RD864.44 |
| Número de documento/Ítem |
J86l |
| Número de edición |
22 |
| 100 1# - ENTRADA PRINCIPAL--NOMBRE DE PERSONA |
| Nombre de persona |
Jovine Bermúdez, Federico, |
| Fechas asociadas al nombre |
1944-2017 |
| Término indicativo de función/relación |
autor |
| Código de función/relación |
aut. |
| 9 (RLIN) |
25425 |
| 245 10 - MENCIÓN DE TÍTULO |
| Título |
Al lomo de Rocinante / |
| Mención de responsabilidad, etc. |
Federico Jovine Bermúdez. |
| 264 #1 - PRODUCCIÓN, PUBLICACIÓN, DISTRIBUCIÓN, FABRICACIÓN Y COPYRIGHT |
| Producción, publicación, distribución, fabricación y copyright |
Santo Domingo : |
| Nombre del de productor, editor, distribuidor, fabricante |
Editora Búho, |
| Fecha de producción, publicación, distribución, fabricación o copyright |
2009. |
| 300 ## - DESCRIPCIÓN FÍSICA |
| Extensión |
301 páginas ; |
| Dimensiones |
21 cm. |
| 336 ## - TIPO DE CONTENIDO |
| Término de tipo de contenido |
texto |
| Código de tipo de contenido |
txt |
| Fuente |
rdacontent |
| 337 ## - TIPO DE MEDIO |
| Nombre/término del tipo de medio |
sin mediación |
| Código del tipo de medio |
n |
| Fuente |
rdamedia |
| 338 ## - TIPO DE SOPORTE |
| Nombre/término del tipo de soporte |
volumen |
| Código del tipo de soporte |
nc |
| Fuente |
rdacarrier |
| 500 ## - NOTA GENERAL |
| Nota general |
Incluye datos biográficos del autor en las solapas |
| 500 ## - NOTA GENERAL |
| Nota general |
Incluye referencias bibliográficas y notas al pie de las páginas |
| 505 1# - NOTA DE CONTENIDO CON FORMATO |
| Nota de contenido con formato |
El por qué de nuestro olvido / |
| Mención de responsabilidad |
Dorothy Dandrigde / |
| -- |
Dorothy Dandrigde 2 / |
| -- |
Dorothy Dandrigde -- |
| Título |
Trujillo, crónica de una caída anunciada -- |
| -- |
El por qué de nuestro olvido -- |
| -- |
¿ Los santos? !Mejor no meneallos! -- |
| -- |
!Kapput dominicaine! -- |
| -- |
Siempre somos los mismos -- |
| -- |
Ciencia y religión -- |
| -- |
Religión Vs. religión -- |
| -- |
Política y religión -- |
| -- |
Religión Vs Sociedad -- |
| -- |
La guerra de los dioses -- |
| -- |
Buenos días general / |
| Mención de responsabilidad |
Juana Ogando -- |
| Título |
Qué tan grande somos? -- |
| -- |
Good by Mr. Jovine -- |
| -- |
¿Cuántos somos? -- |
| -- |
De Fu-Lin-Chang a Jack Veneno -- |
| -- |
El pichón volador -- |
| -- |
Fábula del tiburón y la sardina -- |
| -- |
El papel del intelectual. |
| 590 ## - NOTA LOCAL (RLIN) |
| Nota local |
Inventariado, 2025/BT |
| 650 #4 - PUNTO DE ACCESO ADICIONAL DE MATERIA--TÉRMINO DE MATERIA |
| Término de materia o nombre geográfico como elemento de entrada |
Ensayos dominicanos |
| 9 (RLIN) |
65 |
| 650 #4 - PUNTO DE ACCESO ADICIONAL DE MATERIA--TÉRMINO DE MATERIA |
| Término de materia o nombre geográfico como elemento de entrada |
Literatura dominicana. |
| 9 (RLIN) |
67 |
| 942 ## - ELEMENTOS DE PUNTO DE ACCESO ADICIONAL (KOHA) |
| Fuente del sistema de clasificación o colocación |
Dewey Decimal Classification |
| Tipo de ítem Koha |
Libro |